| 000 | 00557cam a22002052 4500 | ||
|---|---|---|---|
| 001 | 0000003654 | ||
| 005 | 20151217154341.0 | ||
| 008 | 070511s xx 000 0 eng d | ||
| 020 |
_a0582727006 : _cKES 1500 |
||
| 040 |
_aKABU _cKABU |
||
| 050 | 0 |
_aLC191 _b.E94 |
|
| 100 | 1 |
_aEzewn, Edward. _@0000153710 |
|
| 245 | 1 | 0 | _aSociology of education. |
| 260 |
_aLondon : _bLongman, _c1983. |
||
| 300 | _avii, 152 p. | ||
| 650 | 0 |
_aEducational sociology. _@0000153711 |
|
| 908 | _a070511 | ||
| 950 | _@1 | ||
| 999 |
_c10692 _d10692 |
||